000
00299nam a22001337a 4500
008
211013b ||||| |||| 00| 0 eng d
041
_a
eng
080
_a
617
082
_a
617
100
_a
5
101
_a
KIR
245
_a
Complications of Intrathoracic Surgery
_c
Cordell,R.A
942
_2
udc
_c
BK
999
_c
58196
_d
58196